Vista normal
Vista MARC
Entrada Materia (personas)
Número de registros utilizados en: 1
001 - CONTROL NUMBER
- control field: 99750
003 - CONTROL NUMBER IDENTIFIER
- control field: Co-BoUCM
005 - DATE AND TIME OF LATEST TRANSACTION
- control field: 20200218155035.0
008 - FIXED-LENGTH DATA ELEMENTS
- fixed length control field: 200218|| aca||aabn | a|a d
040 ## - CATALOGING SOURCE
- Original cataloging agency: Co-BoUCM
- Transcribing agency: Co-BoUCM
100 ## - HEADING--PERSONAL NAME
- Personal name: Palacios, Felix
- Dates associated with a name: 1678-1737
670 ## - SOURCE DATA FOUND
- Source citation: Work cat.: (Co-BoUCM)74368: Palacios, Felix 1678-1737, Palestra pharmaceutica, chymico-galenica,, 1753